书目信息 |
| 题名: |
绝望锻炼了我
|
|
| 作者: | 朴槿惠, 著 ;蓝青荣 译 | |
| 分册: | ||
| 出版信息: | 南京 译林出版社 2013 |
|
| 页数: | 313页 | |
| 开本: | 24cm | |
| 丛书名: | ||
| 单 册: | ||
| 中图分类: | K833.126.7 | |
| 科图分类: | ||
| 主题词: | 总统--zong tong--自传--韩国--现代 | |
| 电子资源: | ||
| ISBN: | 978-7-5447-3795-1 | |
| 000 | 01265nam0 22002771 450 | |
| 001 | 1754458996 | |
| 005 | 20170516112211.0 | |
| 010 | @a978-7-5447-3795-1@dCNY35.00 | |
| 100 | @a20130515d2013 em y0chiy50 ea | |
| 101 | 1 | @achi@ckor |
| 102 | @aCN@b320000 | |
| 105 | @aacfhz 000ya | |
| 106 | @ar | |
| 200 | 1 | @a绝望锻炼了我@9jue wang duan lian le wo@e朴槿惠自传@f(韩) 朴槿惠著@g蓝青荣等译 |
| 210 | @a南京@c译林出版社@d2013 | |
| 215 | @a313页@c图, 肖像@d24cm | |
| 312 | @a版权页有韩文并列题名 | |
| 330 | @a书中朴槿惠以最平实的笔触,娓娓道出她的过往人生,处处可见她对父母的孺慕之情、对韩国人民怀抱的使命感,以及历经大起大落后的省思与坚韧性格。全书共分五部分。第一部分写青少年时期与父母共度的时光。第二部分写母亲遭到暗杀后代理“第一夫人”角色的经历。第三部分写父亲遭到暗杀后,搬离总统府邸、远离公众视线的隐居生活。第四部分写韩国经济危机后重返政坛之路。第五部分写外交生涯,包括对中国部分地区的印象和与中国领导人的交往。 | |
| 517 | 1 | @a朴槿惠自传@9pu jin hui zi chuan |
| 600 | 0 | @c(韩)@a朴槿惠,@9pu jin hui ,@f1952-@x自传 |
| 606 | 0 | @a总统@9zong tong@x自传@y韩国@z现代 |
| 690 | @aK833.126.7@v4 | |
| 701 | 0 | @a朴槿惠,@9pu jin hui ,@4著 |
| 702 | 0 | @a蓝青荣@9lan qing rong@4译 |
| 801 | 0 | @aCN@b百万庄@c20170512 |
| 905 | @b1004862-7@dK833.126.7=76@e822@f6 | |
| 绝望锻炼了我:朴槿惠自传/(韩) 朴槿惠著/蓝青荣等译.-南京:译林出版社,2013 |
| 313页:图, 肖像;24cm |
| ISBN 978-7-5447-3795-1:CNY35.00 |
| 书中朴槿惠以最平实的笔触,娓娓道出她的过往人生,处处可见她对父母的孺慕之情、对韩国人民怀抱的使命感,以及历经大起大落后的省思与坚韧性格。全书共分五部分。第一部分写青少年时期与父母共度的时光。第二部分写母亲遭到暗杀后代理“第一夫人”角色的经历。第三部分写父亲遭到暗杀后,搬离总统府邸、远离公众视线的隐居生活。第四部分写韩国经济危机后重返政坛之路。第五部分写外交生涯,包括对中国部分地区的印象和与中国领导人的交往。 |
| ● |
| 相关链接 |
|
|
|
|
正题名:绝望锻炼了我
索取号:K833.126.7=76/822
 
预约/预借
| 序号 | 登录号 | 条形码 | 馆藏地/架位号 | 状态 | 备注 |
| 1 | 1004862 | 210048624 | 第二借阅区/ [索取号:K833.126.7=76/822] | 在馆 | |
| 2 | 1004863 | 210048633 | 教育系资料室/ [索取号:K833.126.7=76/822] | 在馆 | |
| 3 | 1004864 | 210048642 | 教育系资料室/ [索取号:K833.126.7=76/822] | 在馆 | |
| 4 | 1004865 | 210048651 | 教育系资料室/ [索取号:K833.126.7=76/822] | 在馆 | |
| 5 | 1004866 | 210048660 | 第二借阅区/ [索取号:K833.126.7=76/822] | 在馆 | |
| 6 | 1004867 | 210048679 | 第二借阅区/ [索取号:K833.126.7=76/822] | 在馆 | |
| 7 | 1050221 | 210502213 | 王士立赠书/ [索取号:K833.126.7=76/822] | 在馆 |